000 00409nam a2200133Ia 4500
008 211109s9999||||xx |||||||||||||| ||und||
082 _a894.812
_bGEO-S
100 _aGeorge, K M
245 0 _aSahithyacharithram Prasthanagaliloode
260 _bNational Book Stall
_aKottayam
_c1958
630 _xPOST GRADUATE REFERENCE
650 _aMalayalam literature
_vliterature historyauthors
_xMalayalam
942 _cBOOK
999 _c19214
_d19214